| 000 | 01294cam a2200277 i 4500 | ||
|---|---|---|---|
| 003 | SA-RiAUC | ||
| 005 | 20251229081333.0 | ||
| 008 | 251124s2000 su g f00000 ara c | ||
| 040 |
_aSA-RIMASH _bara _cSA-RiAUC _erda |
||
| 043 | _aa-su--- | ||
| 082 | 0 | 4 | _a213.9531 |
| 090 |
_a213.9531 _bم خ ل |
||
| 100 | 1 |
_aالمخلف، محمد بن مخلف بن صالح، _d1365 هجري- _eمؤلف. |
|
| 245 | 1 | 2 |
_aالإعلام السعودي في خدمة القرآن / _cمحمد بن مخلف المخلف. |
| 264 | 1 |
_aالمدينة المنورة : _bوزارة الشؤون الإسلامية والأوقاف والدعوة والإرشاد، _c[2000] |
|
| 300 |
_a64 صفحة ؛ _c24 سم |
||
| 336 |
_aنص _btxt _2rdacontent _3كتاب |
||
| 337 |
_aبدون وسيط _bn _2rdamedia |
||
| 338 |
_aمجلد _bnc _2rdacarrier |
||
| 500 | _aبحث مقدم لندوة عناية المملكة العربية السعودية بالقرآن الكريم وعلومه المقامة في المدينة المنورة 1421 هـ. | ||
| 630 | 2 | 7 |
_aالقرآن _xمباحث عامة _2aucut |
| 630 | 2 | 4 |
_aالقرآن _vمؤتمرات _2aucut |
| 650 | 7 |
_aالإعلام الإسلامي _zالسعودية _2aucsh |
|
| 942 |
_2ddc _cBOOK _n0 |
||
| 949 |
_aSA-JeALM _d251124 _umohamedma123 _n1 |
||
| 999 |
_c13772 _d13772 |
||